|
|
|
|
| LEADER |
00000cam a2200000 7i4500 |
| 001 |
0000000305 |
| 008 |
021118s1993 |
| 020 |
|
|
|a 9836235329
|
| 090 |
0 |
0 |
|a PL5117
|b .R2 1993
|
| 110 |
0 |
|
|a Rahman Shaari
|e author
|
| 245 |
0 |
0 |
|a Memahami gaya bahasa
|c Rahman Shaari
|
| 260 |
2 |
|
|a Kuala Lumpur
|b Dewan Bahasa dan Pustaka
|c 1993
|
| 300 |
|
|
|a xii, 167 ms. ;
|c 22 sm.
|
| 650 |
|
0 |
|a Malay language
|x Style
|
| 650 |
|
0 |
|a Malay literature
|x History and criticism
|
| 650 |
|
0 |
|a Style, Literary
|
| 999 |
|
|
|a 1000026363
|b Book
|c OPEN SHELF (30 DAYS)
|e Gong Badak Campus
|
| 999 |
|
|
|a 1000026364
|b Book
|c OPEN SHELF (30 DAYS)
|e Gong Badak Campus
|
| 999 |
|
|
|a 1000026365
|b Book
|c OPEN SHELF (30 DAYS)
|e Gong Badak Campus
|
| 999 |
|
|
|a 1000026366
|b Book
|c OPEN SHELF (30 DAYS)
|e Gong Badak Campus
|